| 000 | 00825nam a22002057a 4500 | ||
|---|---|---|---|
| 999 |
_c15153 _d15153 |
||
| 003 | OSt | ||
| 082 | _2631.587 SAJ/DE | ||
| 088 | _aP 260 | ||
| 100 |
_aSAJNAMOL N. V _93680 |
||
| 245 | _aDesign and development of water treatment methods for improving water quality of KCAET campus | ||
| 260 |
_aTavanur 2013 _bKelappaji College of Agricultural Engineering and Technology |
||
| 300 | _a60 | ||
| 500 | _aDesign and development of water treatment methods for improving water quality of KCAET campus | ||
| 520 | _aDesign and development of water treatment methods for improving water quality of KCAET campus | ||
| 700 |
_aSreelakshmi K. Unni _93681 |
||
| 700 |
_aSuraja K. P _93682 |
||
| 700 |
_aEr. D. Sasikala (Guide) _93648 |
||
| 856 | _uhttps://drive.google.com/open?id=1P5oO4MfS0YlLxXH89nwL4DnZUHuLIwnN | ||
| 942 | _cPR | ||